| 000 | 00756nam a2200217Ii 4500 | ||
|---|---|---|---|
| 003 | JO-AjNU | ||
| 008 | 230605s9999||||xx |||||||||||||| ||und|| | ||
| 017 | _a2005/4505 | ||
| 020 | _a99901-06-44-4 | ||
| 040 |
_aJO-AjNU _bara _erda _cJO-AjNU |
||
| 041 | _aara | ||
| 050 | 1 | 4 | _aK3224.2004 |
| 100 | 3 |
_aالمصري، محمد وليد هاشم , _eauthor _953036 |
|
| 245 | 0 | 0 | _a تطبيقات عملية في القانون الخاص |
| 264 | 3 | 1 | _aالبحرين : جامعة البحرين ، 2004 |
| 300 |
_a463ص _bيشتمل على ببلوغرافية ص (463) |
||
| 336 |
_atext _btxt _2rdacontent |
||
| 337 |
_aunmediated _bn _2rdamedia |
||
| 338 |
_avolume _bnc _2rdacarrier |
||
| 650 | 4 |
_aالقانون الخاص -- البحرين _953037 |
|
| 999 |
_aA23530 _c27098 _d27098 |
||